| 000 | 00782nam a2200253 a 4500 | ||
|---|---|---|---|
| 001 | 000023515 | ||
| 005 | 20200930022256.0 | ||
| 008 | 101210s1993 ve r 000 | spa d | ||
| 020 | _a9800106804 | ||
| 040 |
_aDO-SdBNP _bspa _cBNPHU |
||
| 041 |
_aeng _hspa _2Código de idioma MARC |
||
| 082 |
_axxx _bK81t |
||
| 100 | 1 |
_aKolakowski, Leszek _944706 |
|
| 240 | 0 |
_aTraktat uber die sterblichkeit der vernunft _lespañol |
|
| 245 | 1 | 0 |
_aTratado sobre la mortalidad de la razón / _cLeszek Kolakowski ; traducción de Miguel Mascialino. |
| 250 | _a2a ed. | ||
| 260 |
_aCaracas : _bMonte Avila , _c1993. |
||
| 300 |
_a249 p. ; _c20 cm. |
||
| 490 | _aEstudios | ||
| 500 | _aIncluye notas | ||
| 700 | 1 |
_aMascialino, Miguel _etr. _948464 |
|
| 830 | 0 |
_aEstudios _93854 |
|
| 049 | _aBNGR | ||
| 999 |
_c23011 _d23011 |
||